000 00607nam a2200241Ia 4500
003 OSt
005 20221005130250.0
006 a|||||r|||| 00| 0
007 ta
008 221004b |||||||| |||| 00| 0 tam d
024 _a49262
037 _cTextual
040 _aCRL
_cCRL
_btam
041 _2tam
_atam
082 _aO31,2NBA,1, K3
100 _aBhaktavatasalan Au.
_9637834
245 0 _aRani Mangammal
260 _c1963
300 _a72p.
_ccm.
650 _aTAMIL DRAMA
_9192671
942 _hO31,2NBA,1, K3
_cTEXL
_2cc
999 _c1056634
_d1056634